The study on farmer's adoption of techniquces of ecological system of rice intensification សិក្សាពីការទទួលយករបស់កសិករលើបច្ចេកទេសនៃប្រព័ន្ធប្រពលវប្បកម្មដំណាំស្រូវតាមគោលការណ៍ធម្មជាតិ ករណីសិក្សាស្រុកត្រាំកក់ខេត្តតាកែវ (Record no. 881)

000 -LEADER
fixed length control field 00817nam a22001577a 4500
003 - CONTROL NUMBER IDENTIFIER
control field OSt
005 - DATE AND TIME OF LATEST TRANSACTION
control field 20150920100325.0
008 - FIXED-LENGTH DATA ELEMENTS--GENERAL INFORMATION
fixed length control field 150920b xxu||||| |||| 00| 0 eng d
040 ## - CATALOGING SOURCE
Transcribing agency RUA
082 ## - DEWEY DECIMAL CLASSIFICATION NUMBER
Classification number AGR SO 2008 B038 Or.1
100 ## - MAIN ENTRY--PERSONAL NAME
9 (RLIN) 913
Personal name SO, SAODY.
245 ## - TITLE STATEMENT
Title The study on farmer's adoption of techniquces of ecological system of rice intensification សិក្សាពីការទទួលយករបស់កសិករលើបច្ចេកទេសនៃប្រព័ន្ធប្រពលវប្បកម្មដំណាំស្រូវតាមគោលការណ៍ធម្មជាតិ ករណីសិក្សាស្រុកត្រាំកក់ខេត្តតាកែវ
260 ## - PUBLICATION, DISTRIBUTION, ETC. (IMPRINT)
Place of publication, distribution, etc. Phnom Penh
Name of publisher, distributor, etc. RUA
Date of publication, distribution, etc. 2008
300 ## - PHYSICAL DESCRIPTION
Extent viii; 45p.
Other physical details ill.
Dimensions 29cm.
942 ## - ADDED ENTRY ELEMENTS (KOHA)
Source of classification or shelving scheme
Koha item type AGR
Holdings
Price effective from Date last seen Permanent Location Not for loan Date acquired Source of classification or shelving scheme Koha item type Lost status Withdrawn status Total Renewals Date last checked out Total Checkouts Shelving location Damaged status Barcode Current Location Full call number
2015-09-202017-01-17Library Block B 2015-09-20 AGR  12016-12-202B038 RUA000900Library Block BAGR SO 2008 B038 Or.1
2015-09-202016-12-17Library Block B 2015-09-20 AGR   2016-12-032B038 RUA000888Library Block BAGR SO 2008 B038 Or.2
2015-09-202016-08-02Library Block B 2015-09-20 AGR  12016-06-292B038 RUA000898Library Block BAGR SO 2008 B038 Or.3
2015-09-202016-11-28Library Block B 2015-09-20 AGR  22016-10-086B038 RUA000903Library Block BAGR SO 2008 B038 Or.4
2015-09-202015-09-20Library Block B 2015-09-20 AGR     B038 RUA000904Library Block BAGR SO 2008 B038 Or.5
2015-09-202015-09-20Library Block B 2015-09-20 AGR     B038 RUA000966Library Block BAGR SO 2008 B038 Or.6
2015-09-202015-09-20Library Block B 2015-09-20 AGR     B038 RUA000911Library Block BAGR SO 2008 B038 Or.7
2015-09-202015-09-20Library Block B 2015-09-20 AGR     B038 RUA000895Library Block BAGR SO 2008 B038 Or.8
2015-09-202015-09-20Library Block B 2015-09-20 AGR     B038 RUA000960Library Block BAGR SO 2008 B038 Or.9
មជ្ឈមណ្ឌលឯការនៃសាកលវិទ្យាល័យភូមិន្ទកសិកម្មចំការដូង

Powered by Koha